Implementácia ERP pre malé a stredné podniky bakalárska práca

Gespeichert in:
Bibliographische Detailangaben
1. Verfasser: Fojtů, Patrik
Körperschaft: Fakulta podnikového manažmentu EU. Katedra informačného manažmentu
Weitere Verfasser: Kokles, Mojmír
Format: Buch
Sprache:Slowakisch
Veröffentlicht: Bratislava 2009
Tags: Tag hinzufügen
Keine Tags, Fügen Sie das erste Tag hinzu!

MARC

LEADER 00000nam$a2200000$$$4500
001 0101293
005 20240320075003.2
041 0 |a slo 
044 |a SK 
245 1 0 |a Implementácia ERP pre malé a stredné podniky  |b bakalárska práca  |c Patrik Fojtů ; škol. Mojmír Kokles 
264 1 |a Bratislava  |c 2009 
300 |a 40 s. 
100 1 |a Fojtů, Patrik 
700 1 |a Kokles, Mojmír 
710 2 |a Fakulta podnikového manažmentu EU. Katedra informačného manažmentu